000 00647 a2200181 4500
008 140522b xxu||||| |||| 00| 0 eng d
020 _a9780631209928
050 _a HF5548.8
_b.I52 1991
245 _aIndustrial and organizational psychology:linking theory with practice
_cedited by Cary L. Cooper.
260 _c2000
_bBlackwell,
_aOxford :
300 _a 2 v. :
_bill. ;
_c26 cm.
500 _a Includes bibliographical references and indexes.
650 _aPsychology, Industrial.
650 _aOrganizational behavior
_xPsychological aspects.
700 _a Cooper, Cary L.
_eed.
700 _aLocke, Edwin A.
_eed.
942 _cBK
_2lcc
999 _c43282
_d43282